Music Quiz

Random Music or Bands Quiz
Score 0/9 Timer 01:30
0 Plays Today
Letter Words in Song Titles % Correct
Iice, in, is, it's, Ibiza, if, I'm, interstellar, it, inside
95.1%
Yyou, your, you're, yet, young
93.4%
Oone, ones, oranges, of, old, off, our, overdrive, out, on, obscured
93.1%
Ddogs, diamond, different, domine, damage, desert, dream, day, days, do, dock, deal
92.3%
Nnumb, nobody, number, now, nice, narrow, Nervana, new, Nick's, night, Nile, not, noodle
90.3%
Llike, lust, Layne, life, land, leave, lives, last, learning, let, light, lost, louder, love, Lucifer, Lucy, leave, left
88.2%
Fflesh, flow, fat, fearless, flaming, Fletcher, final, free, four, filthy, freedom, few, fly, for, furry, frost, from
88.1%
Ppig, pigs, psychedelic, part, pearls, party, paint, paranoid, play, pillow, point, poles, post, pow, pict, piece, possible, pasts
82.7%
Kkeep, king, Khyber
62.1%
Remove Ads.
Support Sporcle.
Get the best of Sporcle when you Go Orange. This ad-free experience offers more features, more stats, and more fun while also helping to support Sporcle. Thank you for becoming a member.

You're not logged in!

Compare scores with friends on all Sporcle quizzes.
OR
Log In

Show Comments

Extras

Top Quizzes Today


Score Distribution

Your Account Isn't Verified!

In order to create a playlist on Sporcle, you need to verify the email address you used during registration. Go to your Sporcle Settings to finish the process.

Report this User

Report this user for behavior that violates our Community Guidelines.

Details: